Word Chain - Video Games - Statistics

General Stats
  • This quiz has been taken 714 times
    623 since last reset
  • The average score is 13 of 18
Answer Stats
Hint Answer % Correct
Fast, blue hedgehog Sonic
97%
Mario and Luigi's dinosaur sidekick Yoshi
94%
Company who make FIFA, Madden, Battlefield Electronic Arts
92%
Hero of the Legend of Zelda Link
92%
First person shooter franchise known for its 'Zombies' mode Call of Duty
91%
Franchise starring Master Chief Halo
90%
God of War Kratos
82%
Makers of the Genesis and Dreamcast consoles Sega
81%
Characters include: Hanzo, D.Va, Tracer Overwatch
76%
Puzzler game that has sold over 100 million copies Tetris
74%
Location of the GTA title focussed on gangster Carl 'CJ' Johnson San Andreas
73%
Protagonist of the Hitman series Agent (47)
65%
Mortal Kombat character famous for the voiceline 'Get Over Here!' Scorpion
62%
Fighting game based in the DC comic universe Injustice
61%
Assassin during the Italian Renaissance Ezio
52%
Franchise long awaiting a third instalment Half-Life
51%
First person horror game Outlast
31%
Continent on which all The Elder Scrolls have taken place Tamriel
29%
No matching quizzes found
Score Distribution
Percent of People with Each Score
Percentile by Number Answered
Your Score History
You have not taken this quiz since the last reset